Statistics for College Football Team Names

Click here to take the quiz!

General Stats

  • This quiz has been taken 99,634 times
    (36,716 since last reset)
  • The average score is 86 of 130

Answer Stats

School Team Name % Correct
ClemsonTigers
97%
StanfordCardinal
89%
BaylorBears
88%
DukeBlue Devils
87%
Louisiana TechBulldogs
87%
FloridaGators
86%
Kansas StateWildcats
86%
MiamiHurricanes
85%
Ohio StateBuckeyes
83%
Boston CollegeEagles
83%
Florida StateSeminoles
83%
OregonDucks
83%
SyracuseOrange
82%
AlabamaCrimson Tide
82%
TexasLonghorns
82%
OklahomaSooners
81%
North CarolinaTar Heels
81%
MichiganWolverines
81%
Michigan StateSpartans
80%
USCTrojans
80%
Notre DameFighting Irish
80%
WisconsinBadgers
79%
NebraskaCornhuskers
78%
LouisvilleCardinals
78%
ConnecticutHuskies
78%
ArkansasRazorbacks
77%
Oklahoma StateCowboys
77%
KansasJayhawks
76%
TennesseeVolunteers
75%
UCLABruins
75%
PittsburghPanthers
74%
IowaHawkeyes
74%
New Mexico StateAggies
74%
South CarolinaGamecocks
73%
TCUHorned Frogs
72%
Georgia TechYellow Jackets
72%
PurdueBoilermakers
72%
West VirginiaMountaineers
71%
IndianaHoosiers
71%
Oregon StateBeavers
71%
Arizona StateSun Devils
71%
NevadaWolf Pack
71%
NC StateWolfpack
71%
HoustonCougars
71%
Penn StateNittany Lions
70%
Virginia TechHokies
69%
VirginiaCavaliers
69%
TempleOwls
69%
UNLVRebels
68%
MinnesotaGolden Gophers
68%
MarylandTerrapins
67%
IllinoisFighting Illini
66%
ColoradoBuffaloes
66%
MississippiRebels
66%
Iowa StateCyclones
65%
CaliforniaGolden Bears
65%
UtahUtes
65%
CincinnatiBearcats
65%
Western MichiganBroncos
63%
South FloridaBulls
63%
Texas TechRed Raiders
63%
East CarolinaPirates
63%
NavyMidshipmen
62%
Wake ForestDemon Deacons
60%
Central FloridaKnights
59%
HawaiiWarriors
57%
VanderbiltCommodores
53%
TulaneGreen Wave
53%
Southern MethodistMustangs
53%
Colorado StateRams
53%
Bowling GreenFalcons
52%
RutgersScarlet Knights
52%
OhioBobcats
51%
AkronZips
50%
ArmyBlack Knights
49%
San Diego StateAztecs
48%
MarshallThundering Herd
47%
MassachusettsMinutemen
46%
UTEPMiners
45%
ToledoRockets
43%
New MexicoLobos
43%
Western KentuckyHilltoppers
40%
Southern MissGolden Eagles
39%
North TexasMean Green
38%
Charlotte49ers
36%
TulsaGolden Hurricane
35%
UABBlazers
35%
Miami of OhioRedHawks
34%
UTSARoadrunners
34%
Central MichiganChippewas
33%
Louisiana-LafayetteRagin' Cajuns
32%
South AlabamaJaguars
32%
Kent StateGolden Flashes
30%
LibertyFlames
29%
Middle TennesseeBlue Raiders
29%
Old DominionMonarchs
27%
Arkansas StateRed Wolves
25%
Louisiana-MonroeWarhawks
21%
Coastal CarolinaChanticleers
21%

Score Distribution

Percentile by Number Answered

Percent of People with Each Score

Your Score History

You have not taken this quiz since the last reset